| 000 | 00921 a2200157 4500 | ||
|---|---|---|---|
| 003 | Nust | ||
| 005 | 20170207154124.0 | ||
| 040 | _cNust | ||
| 082 | _a621.37 | ||
| 100 | _aForest K. Harris | ||
| 245 |
_aElectrical Measurements _cForest K. Harris |
||
| 260 |
_aLodon _bJohn Wiley _c1956 |
||
| 300 | _a784; | ||
| 505 | _aThe Art of Measurement (page-1) Electrical Units (Page-15) Direct-Current Galvanometers (Page-43) Indicating Instruments (Page-96) Direct-Current Ammeters and Voltmeters (Page-123) Potentiometers (Page-144) Resistor and Resistance Measurements (Page-204) Ballistic Galvanometers (Page-301) Magnets and Magnetic Testing (Page-342) Alternating – Current Ammeters (Page-396) The Measurement of Power (Page-469) Energy Measurements (Page-512) Instrument Transformers (Pae-542) Wave-From and Frequency Measurements (Page-616) Alternating – Current Bridges (Page-659) | ||
| 538 | _aAlmirah No.126 Shelf No.1 | ||
| 942 |
_2ddc _cBK |
||
| 999 |
_c194416 _d194416 |
||